ՀՀ Գիտությունների ազգային ակադեմիայի հիմնարար գիտական գրադարան  =   Fundamental Scientific Library of NAS RA

Հայերեն տերմինաբանություն : (Record no. 172528)

MARC details
000 -LEADER
fixed length control field 01738nam a2200289 u 4500
001 - CONTROL NUMBER
control field 000471672
003 - CONTROL NUMBER IDENTIFIER
control field AM-YeHGA
005 - DATE AND TIME OF LATEST TRANSACTION
control field 20250618072537.0
008 - FIXED-LENGTH DATA ELEMENTS--GENERAL INFORMATION
fixed length control field 060120s20052010||||||||||||||||||||arm d
020 ## - INTERNATIONAL STANDARD BOOK NUMBER
International Standard Book Number
020 ## - INTERNATIONAL STANDARD BOOK NUMBER
International Standard Book Number 978-9939-55-449-5 (Մ. 2)
Canceled/invalid ISBN
040 ## - CATALOGING SOURCE
Original cataloging agency AM-YeHGA
041 0# - LANGUAGE CODE
Language code of text/sound track or separate title arm
090 ## - LOCALLY ASSIGNED LC-TYPE CALL NUMBER (OCLC); LOCAL CALL NUMBER (RLIN)
-- 173966
100 1# - MAIN ENTRY--PERSONAL NAME
Personal name Պետրոսյան, Հասմիկ Ցոլակի,
Dates associated with a name 1949-
245 10 - TITLE STATEMENT
Title Հայերեն տերմինաբանություն :
Remainder of title Ուսումնական ձեռնարկ /
Statement of responsibility, etc. Հ.Ց. Պետրոսյան ; ՀՀ Կրթ. և Գիտ. նախ., ՀՊՃՀ.
246 3# - VARYING FORM OF TITLE
Title proper/short title Հայերեն գիտատեխնիկական տերմինաբանություն :
Remainder of title Մ. II Տերմինագիտություն և տերմինների իմաստաբանական վերլուծություն : Ուսումնական ձեռնարկ
260 ## - PUBLICATION, DISTRIBUTION, ETC.
Place of publication, distribution, etc. Երևան :
Name of publisher, distributor, etc. Հեղ. հրատ.,
Date of publication, distribution, etc. 2005-2010.
300 ## - PHYSICAL DESCRIPTION
Extent 2 մ.
505 10 - FORMATTED CONTENTS NOTE
Miscellaneous information Մ. 2 (2010, 176 էջ, օգտ. գրակ.՝ 15 անուն) :
Title Հայերեն գիտատեխնիկական տերմինաբանություն : Տերմինագիտություն և տերմինների իմաստաբանական վերլուծություն
530 ## - ADDITIONAL PHYSICAL FORM AVAILABLE NOTE
Additional physical form available note Էլեկտրոնային պաշարը հասանելի է ՀՊՃՀ-ի գրադարանի էլեկտրոնային ընթերցասրահում : Մ.2 :
Uniform Resource Identifier <a href="http://libsrv.seua.am/chair_publications/1427E.pdf">http://libsrv.seua.am/chair_publications/1427E.pdf</a>
650 14 - SUBJECT ADDED ENTRY--TOPICAL TERM
Topical term or geographic name entry element Հայոց լեզու
650 14 - SUBJECT ADDED ENTRY--TOPICAL TERM
Topical term or geographic name entry element Գիտատեխնիկական տերմինաբանություն
710 2# - ADDED ENTRY--CORPORATE NAME
Corporate name or jurisdiction name as entry element ՀՀ կրթության և գիտության նախարարություն
9 (RLIN) 8625
710 2# - ADDED ENTRY--CORPORATE NAME
Corporate name or jurisdiction name as entry element Հայաստանի պետական ճարտարագիտական համալսարան
942 ## - ADDED ENTRY ELEMENTS (KOHA)
Source of classification or shelving scheme Universal Decimal Classification
Koha item type Գրքեր / Books
Holdings
Withdrawn status Lost status Source of classification or shelving scheme Damaged status Not for loan Collection Home library Current library Date acquired Cost, normal purchase price Serial enumeration / chronology Total checkouts Full call number Barcode Date last seen Price effective from Koha item type Public note
    Universal Decimal Classification     General Fundamental Scientific Library Fundamental Scientific Library 28/12/2016 500.00 Մ. 2   AII/95662 FL0149985 28/12/2016 28/12/2016 Գրքեր / Books 30 Days Loan
    Universal Decimal Classification     General Fundamental Scientific Library Fundamental Scientific Library 28/12/2016 500.00 Մ. 2   AII/95663 FL0149986 28/12/2016 28/12/2016 Գրքեր / Books 30 Days Loan


ՀՀ ԳԱԱ հիմնարար գիտական գրադարան
ՀՀ,Երևան 0019
Մարշալ Բաղրամյան 24/6
հեռախոս:(374-10) 52-47-50
Հետադարձ կապ

All site content, except where otherwise noted, is licensed under a
Creative Commons License